| 000 | 01433nam0a22002891 4500 | ||
|---|---|---|---|
| 001 | rc\2612140 | ||
| 005 | 20250623135055.0 | ||
| 035 | _a(NLR Aleph) 006775990 | ||
| 090 |
_a5994209 _c5994209 |
||
| 100 | _a20110914d1930 |||y0rusy50 ca | ||
| 101 | 1 |
_arus _cger |
|
| 102 | _aRU | ||
| 105 | _aa z ||||| | ||
| 200 | 1 |
_aЭлектрические сети и распределительные устройства _eС 57 фиг. в тексте _eКн. 7-я Б-ки электротехника _fЭ. Козак, инж. _gПер. с нем. под ред. и в обработке проф. В. А. Александрова |
|
| 205 | _a2-е изд. | ||
| 210 |
_aМосква _cГос. техн. изд-во _d[1930] _eЛенинград _gтип. Красный печатник |
||
| 215 |
_a80 с. _cчерт. _d17х12 см. |
||
| 225 | 1 |
_aРабочая библиотека. А. Серия 2 _v№ II-49 |
|
| 300 | _aНа обл. серия: "Рабочая б-ка электротехника" | ||
| 700 | 1 |
_7ca _8rus _aКозак _bЭ. _f1875-1953 _gЭмиль _92642160 _3RU\NLR\AUTH\770272284 |
|
| 702 | 1 |
_4340 _7ca _8rus _aАлександров _bВ. А. _cинженер, электротехника _f1880-1941 _gВалентин Александрович _92641499 _3RU\NLR\AUTH\770272202 |
|
| 801 | 0 |
_aRU _bNLR _gpsbo |
|
| 801 | 1 |
_aRU _bELAR _2rusmarc |
|
| 852 |
_aNLR _j30.16/110-49 |
||
| 942 | _cBOOK | ||
| 980 | _aNB | ||